MARC

Tag First Indicator Second Indicator Subfields
LEADER 00000cam a2200000 a 4500
001 in00000008991
005 20151007051444.0
008 830706s1983 ilu b 00100 eng
010 |a  83014375  
020 |a 0838903959 (pbk.) 
035 |a (OCoLC)09761935 
035 |9 AAA3062AM 
040 |a DLC  |c DLC  |d m/c  |d TXA  |d UtOrBLW 
043 |a n-usm-- 
049 |a TXAM  |c [A12613816] 
050 0 0 |a Z1251.M6  |b M57 1983  |a F351 
082 0 |a 016.9763/3  |2 19 
245 0 4 |a The Mississippi Delta /  |c Cora Matheny Dorsett, regional editor. 
264 1 |a Chicago :  |b American Library Association,  |c 1983. 
300 |a vii, 150 pages ;  |c 24 cm. 
336 |a text  |b txt  |2 rdacontent 
337 |a unmediated  |b n  |2 rdamedia 
338 |a volume  |b nc  |2 rdacarrier 
490 1 |a Reading for young people 
500 |a Includes index. 
651 0 |a Mississippi River Delta (La.)  |x Juvenile literature  |x Bibliography. 
651 0 |a Mississippi River Delta (La.)  |x Bibliography. 
651 0 |a Mississippi River Region  |x Juvenile literature  |x Bibliography. 
651 0 |a Mississippi River Region  |x Bibliography. 
700 1 |a Dorsett, Cora Matheny,  |d 1921- 
830 0 |a Reading for young people. 
999 |a MARS 
999 f f |s 6f1cf1a6-edb6-3413-9007-facd59baa883  |i 881f901f-fe39-349e-ac9a-c41dffa6055d  |t 0 
952 f f |p ric  |a Texas A&M University  |b Rellis Campus  |c Joint Library Facility  |d Remote Storage  |t 0  |e Z1251.M6 M57 1983  |h Library of Congress classification  |i unmediated -- volume  |m A14812613816 
998 f f |a Z1251.M6 M57 1983  |t 0  |l Remote Storage